000 01023nam a22003377a 4500
001 BR0901951
003 BR-BrBNA
005 20230928102915.0
007 ta
008 230509b bl.||||| |||| 00| 0 por d
040 _aBR-BrBNA
_bpor
_cBiblioteca Nacional de Agricultura
041 _a(Por)
072 _aE16; E71
_b1120
090 _ 1120 BR0901951
100 1 _aFavero, L.A.
110 1 _aBanco do Nordeste do Brasil S.A., Fortaleza, CE (Brasil)
245 1 _aA cultura da manga no São Francisco: posicionamento, limites, oportunidades e ações estratégicas
260 3 _aFortaleza, CE (Brasil):
_c2008.
300 _a230 p.
500 _aBibliography p. 219-222; 165 illus.; 57 tables
650 _aMANGA
650 _aESTATÍSTICA DE PRODUÇÃO
650 _aMERCADO NACIONAL
650 _aMERCADO INTERNACIONAL
650 _aOFERTA
650 _aSISTEMA DE PRODUÇÃO
650 _aINDÚSTRIA AGRÍCOLA
650 _aBIOTECNOLOGIA
909 _a202309
_bLucia
_c55
_dLucia Elande
942 _cBK
999 _c72927
_d72927